James Dean Filmography - Statistics

General Stats
  • This quiz has been taken 40 times
    19 since last reset
  • The average score is 6 of 52
Answer Stats
Type Year Name % Correct
Film 1955 Rebel Without a Cause
100%
Film 1956 Giant
80%
Film 1955 East of Eden
73%
Commercial 1950, 1954 Pepsi
20%
Theater 1952 See the Jaguar
20%
Film 1952 Sailor Beware
13%
Theater 1954 The Immoralist
13%
Documentary 1957 The James Dean Story
13%
TV Show 1953 Armstrong Circle Theatre
7%
TV Show 1952 CBS Television Workshop
7%
TV Show 1953-1954 Danger
7%
Film 1952 Deadline - U.S.A.
7%
TV Show 1951 Family Theater
7%
Film 1951 Fixed Bayonets!
7%
Documentary 1988 Forever James Dean
7%
TV Show 1954 General Electric Theater
7%
TV Show 1952 Hallmark Hall of Fame
7%
Film 1952 Has Anybody Seen My Gal?
7%
TV Documentary 1998 James Dean: A Portrait
7%
TV Documentary 1974 James Dean Remembered
7%
TV Documentary 1975 James Dean: The First American Teenager
7%
TV Show 1952-1953 Kraft Television Theatre
7%
TV Show 1952, 1955 Lux Video Theatre
7%
TV Show 1953 Omnibus
7%
TV Show 1953 Robert Montgomery Presents
7%
TV Show 1955 Schlitz Playhouse of Stars
7%
TV Show 1952, 1953 Studio One
7%
TV Show 1953 Tales of Tomorrow
7%
TV Show 1951 The Bigelow Theatre
7%
TV Show 1953, 1957 The Big Story
7%
TV Show 1953 The Campbell Playhouse
7%
Theater 1952 The Metamorphosis
7%
TV Show 1954 The Philco Television Playhouse
7%
Theater 1954 The Scarecrow
7%
TV Show 1951 The Stu Erwin Show
7%
TV Show 1955 The United States Steel Hour
7%
TV Show 1952 The Web
7%
TV Show 1953 Treasury Men in Action
7%
Film 1953 Trouble Along the Way
7%
Theater 1954 Women of Trachis
7%
TV Show 1953 You Are There
7%
TV Show 1955 Crossroads
0%
TV Documentary 1965 James Dean 1965 - Legende und Wirklichkeit eines Idols
0%
Short TV Documentary 2003 James Dean and Marlon Brando
0%
TV Documentary 1995 James Dean and Me
0%
Documentary 2001 James Dean: Born Cool
0%
Documentary 2005 James Dean: Forever Young
0%
TV Documentary 2005 James Dean - Kleiner Prinz, Little Bastard
0%
TV Documentary 2005 James Dean - Mit Vollgas durchs Leben
0%
Documentary 2013 James Dean's Lost Slideshow
0%
Documentary 2006 James Dean: The Whole Story
0%
TV Show 1953 The Katie Smith Hour
0%
No matching quizzes found
Score Distribution
Percent of People with Each Score
Percentile by Number Answered
Your Score History
You have not taken this quiz since the last reset